LDR 00674naa#a2200169#i#450# 001 EN\\bibl\121612 005 20260630002600.2 011 ## _a2073-0454 100 ## _a20251219b2025####ek#y0engy0150####ca 102 ## _aRU 200 1# _aDigital reality and social guarantees: problems of criminal law _eJournal article 210 1# _aMoscow _cMoscow University of the Ministry of Internal Affairs of Russia named after V.Ya. Kikot _d2025 215 ## _a4 с. 608 ## _aJournal article _2local 675 ## _aУголовное судопроизводство. Уголовно-процессуальное право. 343.1 _z 700 #1 _aHodusov _gAleksey Aleksandrovich 856 4# _amosumvd.editorum.ru _u